000
00311nam a22001337a 4500
008
210322b ||||| |||| 00| 0 eng d
041
_a
eng
080
_2
3rd
_a
616.073
082
_a
616.073
100
_a
6
101
_a
RAD
245
_a
Principles of Radioisotope Methodology
_c
Chase, G. D
942
_2
udc
_c
BK
999
_c
56665
_d
56665